000 00268nam a2200121Ia 4500
008 190216s9999||||xx |||||||||||||| ||und||
100 _aGouri Shankar Prafulla
245 0 _aHindi-Sagarom Ki Ghoj
260 _bParag
300 _a133
650 _aHindi
942 _cBK
999 _c16393
_d16393